| 000 | 00902nas a2200289 4500 | ||
|---|---|---|---|
| 001 | BR0202177 | ||
| 003 | BR-BrBNA | ||
| 005 | 20231205102913.0 | ||
| 007 | ta | ||
| 008 | 230509b bl.|||p| |||| 00| 00por d | ||
| 040 |
_aBR-BrBNA _bpor _cBiblioteca Nacional de Agricultura |
||
| 041 | _a(Pt) | ||
| 072 | _aE71 | ||
| 100 | 1 | _aLopes, M. de R. | |
| 100 | 1 | _aVillanova. J. | |
| 100 | 1 | _aPimentel, R. de A. | |
| 100 | 1 | _aRocha, H.N. da | |
| 100 | 1 | _aVieira, L.C. | |
| 245 | 1 | _aSerá que com a Alca o setor sucroalcooleiro do Brasil terá condições de competir com os de outros competentes países do hemisfério? | |
| 650 | _aCOMÉRCIO EXTERIOR | ||
| 650 | _aALCA | ||
| 650 | _aIMPOSTO | ||
| 650 | _aPOLÍTICA ECONÔMICA | ||
| 773 | 0 |
_tAgroanalysis (Brazil) _xISSN 0100-4298 _g(Nov 2001), v. 21(11) p. 58-61 _wBR0202177 |
|
| 909 |
_a202311 _bLúcia _c55 _dLúcia Elande |
||
| 942 |
_2AGRIS _n0 _cANA |
||
| 999 |
_c170001 _d170001 |
||